Code fluvial (examen CQC) - Statistiques

Statistiques générales
  • Ce quiz a été pris 10 fois
  • Le résultat moyen est 7 sur 15
Statistiques - réponses
Question Réponse % Correct
Sur un bateau à passagers, les extincteurs doivent être révisés tous les : 1 an
88%
Quel panneau indique une interdiction de s'amarrer ?
75%
Quelle est la longueur minimum d'une chaîne d'ancre ? 40 m
63%
Quelle est la longueur du réseau français ? 8500 km
63%
Une cloison d'abordage se trouve : À l'avant du bateau
63%
Le règlement particulier de police n'est pas obligatoire à bord des : Barges de poussage
63%
D'après quoi est déterminé la longueur des chaînes d'ancre ? La longueur du bateau
50%
De nuit, je vois devant moi un feu rouge balancé, de quoi s'agit-il ? Un bâtiment incapable de manoeuvrer
50%
La distance minimale d'interdiction de stationnement près d'un bateau transportant des matières explosibles est de : 100 m
38%
La durée d'un son prolongé est de : 4 secondes
38%
La vérification des réservoirs à air comprimé doit s'effectuer tous les : 5 ans
38%
Parmi ces documents, lequel n'est pas obligatoire à bord ? Une assurance corps du bateau
25%
En cours de route, la barre doit être tenue par une personne qualifiée de plus de : 15 ans
13%
L'attestation de conformité de l'installation de gaz est valable : 3 ans
13%
Le stationnement prolongé est autorisé : Contre les ducs d'albe
13%
Aucun quiz correspondant
Distribution des résultats
% des personnes avec chaque résultat
Percentile par nombre de réponses
Votre historique - résultats
Vous n’avez pas pris ce quiz